logo

Bir Sreshtho Munshi Abdur Rouf Library
Jhenaidah Cadet College

পালস ও সুইচিং বর্তনী / (Record no. 3954)

MARC details
000 -LEADER
fixed length control field 00875nam a22002657a 4500
001 - CONTROL NUMBER
JCCL Control Number 3954
003 - CONTROL NUMBER IDENTIFIER
JCCL marc code BD-JhCC
005 - DATE AND TIME OF LATEST TRANSACTION
control field 20180403171606.0
008 - FIXED-LENGTH DATA ELEMENTS--GENERAL INFORMATION
fixed length control field 171119b xxu||||| |||| 00| 0 eng d
020 ## - INTERNATIONAL STANDARD BOOK NUMBER
International Standard Book Number 9840731041
035 ## - SYSTEM CONTROL NUMBER
system control number (BD-JhCC)3954
040 ## - CATALOGING SOURCE
Original cataloging agency BD-JhCC
Modifying agency BD-JhCC
041 ## - LANGUAGE CODE
Language code of Book ben
082 ## - DEWEY DECIMAL CLASSIFICATION NUMBER
Classification number 621.3815
Author mark and Year KHA 1994
100 ## - MAIN ENTRY--PERSONAL NAME
Personal name খান, সাইদুর রহমান
245 ## - TITLE STATEMENT
Title পালস ও সুইচিং বর্তনী /
Statement of responsibility, etc সাইদুর রহমান খান, মোঃ মোজাফফর হোসেন
260 ## - PUBLICATION, DISTRIBUTION, ETC. (IMPRINT)
Place of publication, distribution, etc ঢাকা:
Name of publisher, distributor, etc বাংলা একাডেমী,
Date of publication, distribution, etc 1994.
300 ## - PHYSICAL DESCRIPTION
Pagination 173 p. :
Dimensions 23 cm.
650 ## - SUBJECT ADDED ENTRY--TOPICAL TERM
Topical term or geographic name as entry element Electronic circuits
650 ## - SUBJECT ADDED ENTRY--TOPICAL TERM
Topical term or geographic name as entry element Pulse circuits
650 ## - SUBJECT ADDED ENTRY--TOPICAL TERM
Topical term or geographic name as entry element Switching circuits
700 ## - ADDED ENTRY--PERSONAL NAME
Personal name হোসেন, মোঃ মোজাফফর
942 ## - ADDED ENTRY ELEMENTS (KOHA)
Source of classification or shelving scheme Dewey Decimal Classification
Koha item type Books
Holdings
Source of classification or shelving scheme Damaged status Not for loan Home library Current library Shelving location Date of accession Cost, normal purchase price Total Checkouts Full call number Barcode Date last seen Copy number Koha item type
Dewey Decimal Classification     JCC Rouf Library JCC Rouf Library General Stacks 11/19/2017 130.00   621.3815 KHA 1994 4113 11/19/2017 C-1 Books
Dewey Decimal Classification     JCC Rouf Library JCC Rouf Library General Stacks 03/01/2018 130.00   621.3815 KHA 1994 11567 03/05/2018 C-2 Books

JCC Library | Contacts | JCC Home

Last Update on 23 September 2017
Copyright @ 2017-2020 JCC Rouf Library
Rouf Library, Jhenidah Cadet College (JCC), Bangladesh